Personnel and human resource management (Record no. 7690)

MARC details
000 -LEADER
fixed length control field 00631nam a22001937a 4500
003 - CONTROL NUMBER IDENTIFIER
control field OSt
005 - DATE AND TIME OF LATEST TRANSACTION
control field 20260122050008.0
008 - FIXED-LENGTH DATA ELEMENTS--GENERAL INFORMATION
fixed length control field 260122b |||||||| |||| 00| 0 eng d
020 ## - INTERNATIONAL STANDARD BOOK NUMBER
International Standard Book Number 0-8264-5863-7
040 ## - CATALOGING SOURCE
Original cataloging agency DWC-main lib
Transcribing agency OC
082 ## - DEWEY DECIMAL CLASSIFICATION NUMBER
Edition number 5th edition
Classification number Circ. 658.3 C689 2003
100 ## - MAIN ENTRY--PERSONAL NAME
Personal name Cole, G.
245 ## - TITLE STATEMENT
Title Personnel and human resource management
Statement of responsibility, etc. Cole, Gerald
260 ## - PUBLICATION, DISTRIBUTION, ETC.
Place of publication, distribution, etc. London :
Name of publisher, distributor, etc. Continoum,
Date of publication, distribution, etc. c2003
300 ## - PHYSICAL DESCRIPTION
Extent xvii, 506 pages ;
Dimensions 24 cm.
504 ## - BIBLIOGRAPHY, ETC. NOTE
Bibliography, etc. note Includes index.
650 ## - SUBJECT ADDED ENTRY--TOPICAL TERM
Topical term or geographic name entry element Personnel Management
942 ## - ADDED ENTRY ELEMENTS (KOHA)
Source of classification or shelving scheme Dewey Decimal Classification
Koha item type Book Circulation
Edition 5th edition
Classification part Circ. 658.3 C689 2003
Call number prefix Circ.
Suppress in OPAC No
952 ## - LOCATION AND ITEM INFORMATION (KOHA)
--
Holdings
Withdrawn status Lost status Source of classification or shelving scheme Damaged status Not for loan Home library Current library Shelving location Date acquired Source of acquisition Total Checkouts Full call number Barcode Date last seen Copy number Price effective from Koha item type Uniform Resource Identifier
    Dewey Decimal Classification     College Library College Library Circulation 07/18/2005 School Fund   Circ. 658.3 C689 2003 CL42087 01/22/2026 c1 01/22/2026 BK-CIRC